ARRUPE JESUIT UNIVERSITY

CORONAVIRUS -STOP THE SPREAD - CLEAN,DISINFECT,COVER

Notebooks/memoirs/archives (Record no. 124841)

MARC details
000 -LEADER
fixed length control field 00509nam a22001337a 4500
008 - FIXED-LENGTH DATA ELEMENTS--GENERAL INFORMATION
fixed length control field 160803b xxu||||| |||| 00| 0 eng d
050 ## - LIBRARY OF CONGRESS CALL NUMBER
Classification number PR6023.E833Z86
110 ## - MAIN ENTRY--CORPORATE NAME
Corporate name or jurisdiction name as entry element Taylor, Jenny
Relator term (ed.)
9 (RLIN) 24578
245 ## - TITLE STATEMENT
Title Notebooks/memoirs/archives
Remainder of title :reading and rereading Doris Lessing
Statement of responsibility, etc / Jenny Taylor
260 ## - PUBLICATION, DISTRIBUTION, ETC. (IMPRINT)
Place of publication, distribution, etc Boston
Name of publisher, distributor, etc Routledge and Kegan Paul
Date of publication, distribution, etc 1982
300 ## - PHYSICAL DESCRIPTION
Extent xi, 251p.;
Dimensions 22cm.
650 ## - SUBJECT ADDED ENTRY--TOPICAL TERM
Topical term or geographic name as entry element Lessing, Doris May, 1919
General subdivision Criticism and interpretation, addresses, essays, lectures
9 (RLIN) 24579
942 ## - ADDED ENTRY ELEMENTS (KOHA)
Source of classification or shelving scheme Library of Congress Classification
Item type Monograph ( Printed materials)
Holdings
Withdrawn status Lost status Source of classification or shelving scheme Damaged status Not for loan Collection code Home library Current library Shelving location Date acquired Total Checkouts Full call number Barcode Date last seen Price effective from Koha item type
    Library of Congress Classification     Main Collection ARRUPE LIBRARY ARRUPE LIBRARY Main Collection 03/08/2016   PR6023.E833Z86 46500009320 03/08/2016 03/08/2016 Monograph ( Printed materials)

 

Arrupe Library. PO Box MP320 Mt Pleasant, Harare, Zimbabwe
263 242 745411|librarian@aju.ac.zw